Physics Part -II Class VII (Record no. 763)

MARC details
000 -LEADER
fixed length control field 00277nam a22001097a 4500
008 - FIXED-LENGTH DATA ELEMENTS--GENERAL INFORMATION
fixed length control field 160624b xxu||||| |||| 00| 0 eng d
100 ## - MAIN ENTRY--PERSONAL NAME
9 (RLIN) 959
Personal name Sumer Book Depot
245 ## - TITLE STATEMENT
Title Physics Part -II Class VII
260 ## - PUBLICATION, DISTRIBUTION, ETC. (IMPRINT)
Place of publication, distribution, etc. N.D
Name of publisher, distributor, etc. SBD
300 ## - PHYSICAL DESCRIPTION
Extent Physics Part -II Class VII
942 ## - ADDED ENTRY ELEMENTS (KOHA)
Source of classification or shelving scheme Dewey Decimal Classification
Koha item type BOOK
Holdings
Withdrawn status Lost status Source of classification or shelving scheme Damaged status Not for loan Home library Current library Date acquired Total Checkouts Full call number Barcode Date last seen Price effective from Koha item type
    Dewey Decimal Classification     Good Samaritan School Library Good Samaritan School Library 06/24/2016   530 SUM1603 06/24/2016 06/24/2016 BOOK

Powered by Koha